<?xml version="1.0" encoding="UTF-8"?>
<record
    xmlns:xsi="http://www.w3.org/2001/XMLSchema-instance"
    xsi:schemaLocation="http://www.loc.gov/MARC21/slim http://www.loc.gov/standards/marcxml/schema/MARC21slim.xsd"
    xmlns="http://www.loc.gov/MARC21/slim">

  <leader>01462nam a22003254a 4500</leader>
  <controlfield tag="005">20080903163048.0</controlfield>
  <controlfield tag="008">080128s2008    ii abf   b    001 0 eng  </controlfield>
  <datafield tag="010" ind1=" " ind2=" ">
    <subfield code="a">ENG-92565</subfield>
  </datafield>
  <datafield tag="020" ind1=" " ind2=" ">
    <subfield code="c">2500.00</subfield>
    <subfield code="a">9788185026886</subfield>
  </datafield>
  <datafield tag="020" ind1=" " ind2=" ">
    <subfield code="c">2500.00</subfield>
    <subfield code="a">8185026882</subfield>
  </datafield>
  <datafield tag="035" ind1=" " ind2=" ">
    <subfield code="a">EN-76098</subfield>
  </datafield>
  <datafield tag="037" ind1=" " ind2=" ">
    <subfield code="b">DBAD / PUB</subfield>
  </datafield>
  <datafield tag="040" ind1=" " ind2=" ">
    <subfield code="a">dpl</subfield>
    <subfield code="b">English </subfield>
  </datafield>
  <datafield tag="082" ind1=" " ind2=" ">
    <subfield code="a">954.918</subfield>
  </datafield>
  <datafield tag="245" ind1=" " ind2=" ">
    <subfield code="a">Sindh, past glory, present nostalgia /</subfield>
    <subfield code="c">edited by Pratapaditya Pal </subfield>
  </datafield>
  <datafield tag="260" ind1=" " ind2=" ">
    <subfield code="a">Mumbai </subfield>
    <subfield code="b">Marg Publications on behalf of the National Centre for the Performing Arts,</subfield>
    <subfield code="c">2008</subfield>
  </datafield>
  <datafield tag="270" ind1=" " ind2=" ">
    <subfield code="a">24, Homi Mody Street, </subfield>
    <subfield code="b">Mumbai</subfield>
    <subfield code="e">400001</subfield>
  </datafield>
  <datafield tag="300" ind1=" " ind2=" ">
    <subfield code="a">180 p.:</subfield>
    <subfield code="c">32cm (Hb)</subfield>
    <subfield code="b">col. ill., 1 col. map </subfield>
  </datafield>
  <datafield tag="500" ind1=" " ind2=" ">
    <subfield code="a">"The publication of this book has been made possible by generous support received from Symphony Asia Holdings Pte Ltd., Singapore."</subfield>
  </datafield>
  <datafield tag="500" ind1=" " ind2=" ">
    <subfield code="a"> "Vol. 60, no. 1, September 2008"--T.p. verso; simultaneously issued in serial format as an issue of M&#x101;rg.</subfield>
  </datafield>
  <datafield tag="500" ind1=" " ind2=" ">
    <subfield code="a">Includes index </subfield>
  </datafield>
  <datafield tag="520" ind1=" " ind2=" ">
    <subfield code="a">Contributed articles.</subfield>
  </datafield>
  <datafield tag="650" ind1=" " ind2=" ">
    <subfield code="a">Archaeology</subfield>
    <subfield code="z">Pakistan</subfield>
    <subfield code="z">Sindh</subfield>
  </datafield>
  <datafield tag="650" ind1=" " ind2=" ">
    <subfield code="a">Sculpture, Islamic</subfield>
    <subfield code="z">Pakistan</subfield>
    <subfield code="z">Sindh</subfield>
  </datafield>
  <datafield tag="651" ind1=" " ind2=" ">
    <subfield code="a">Sindh (Pakistan)</subfield>
    <subfield code="x">History.</subfield>
  </datafield>
  <datafield tag="651" ind1=" " ind2=" ">
    <subfield code="a">Sindh (Pakistan)</subfield>
    <subfield code="x">History.</subfield>
    <subfield code="v">Pictorial works.</subfield>
  </datafield>
  <datafield tag="651" ind1=" " ind2=" ">
    <subfield code="a">Sindh (Pakistan)</subfield>
    <subfield code="x">Civilization</subfield>
  </datafield>
  <datafield tag="942" ind1=" " ind2=" ">
    <subfield code="2">ddc</subfield>
    <subfield code="c">EN</subfield>
    <subfield code="m">SIN</subfield>
    <subfield code="h">954.918</subfield>
  </datafield>
  <datafield tag="999" ind1=" " ind2=" ">
    <subfield code="c">21127</subfield>
    <subfield code="d">21127</subfield>
  </datafield>
  <datafield tag="952" ind1=" " ind2=" ">
    <subfield code="0">0</subfield>
    <subfield code="1">0</subfield>
    <subfield code="2">ddc</subfield>
    <subfield code="4">0</subfield>
    <subfield code="7">1</subfield>
    <subfield code="8">NFIC</subfield>
    <subfield code="a">DBAD</subfield>
    <subfield code="b">DBAD</subfield>
    <subfield code="d">2009-01-16</subfield>
    <subfield code="e">DBAD / PUB</subfield>
    <subfield code="g">2500.00</subfield>
    <subfield code="l">0</subfield>
    <subfield code="o">954918 SIN</subfield>
    <subfield code="p">EN-76098</subfield>
    <subfield code="r">2009-01-16 00:00:00</subfield>
    <subfield code="t">1</subfield>
    <subfield code="v">2500.00</subfield>
    <subfield code="w">2009-01-16</subfield>
    <subfield code="y">EN</subfield>
  </datafield>
</record>
